[Event "MCR senioru 2019 nad 60 let"]
[Site "Pelclovo divadlo, Rychnov n. K"]
[Date "2019.08.16"]
[Round "7"]
[White "Bartos, Alois"]
[Black "Humlicek, Vojtech"]
[Result "1/2-1/2"]
[WhiteElo "1953"]
[BlackElo "1890"]
[PlyCount "56"]
[EventDate "2019.08.10"]

1. e4 c5 2. Nf3 a6 3. c3 Nf6 4. e5 Nd5 5. d4 cxd4 6. cxd4 d6 7. Bc4 e6 8. O-O
Be7 9. Qe2 O-O 10. Bb3 Nc6 11. Nbd2 Nf4 12. Qe4 Ng6 13. exd6 Qxd6 14. Nc4 Qc7
15. Rd1 b5 16. Nce5 Bb7 17. Nxg6 hxg6 18. Qg4 Na5 19. Rd3 Nxb3 20. Rxb3 Qc6 21.
Bg5 Bd6 22. Re1 Rfc8 23. Bf4 Bxf4 24. Qxf4 Qc2 25. Ng5 Qc6 26. Rg3 f6 27. Ne4
g5 28. Qd2 Qc2 1/2-1/2

[Event "MCR senioru 2019 nad 60 let"]
[Site "Pelclovo divadlo, Rychnov n. K"]
[Date "2019.08.16"]
[Round "7"]
[White "Papay, Jindrich"]
[Black "Marek, Jiri"]
[Result "0-1"]
[WhiteElo "1943"]
[BlackElo "1920"]
[PlyCount "74"]
[EventDate "2019.08.10"]

1. f4 e5 2. fxe5 d6 3. exd6 Bxd6 4. Nf3 Nf6 5. d4 Bg4 6. Bg5 h6 7. Bxf6 Qxf6 8.
e4 Bxf3 9. gxf3 Qh4+ 10. Ke2 Nc6 11. c3 O-O-O 12. Na3 Rhe8 13. Kd2 Bxa3 14.
bxa3 Nxd4 15. cxd4 Rxd4+ 16. Bd3 Qf2+ 17. Kc3 Red8 18. Qe2 Rxd3+ 19. Qxd3 Rxd3+
20. Kxd3 Qxf3+ 21. Kd4 b6 22. Rhf1 Qxa3 23. Rad1 Qxa2 24. Rd3 f6 25. h3 Qc2 26.
Ke3 Qg2 27. Rf3 a5 28. Rd2 Qg5+ 29. Ke2 Qe5 30. Ke3 a4 31. Rd5 Qc3+ 32. Kf4
Qc1+ 33. Kf5 a3 34. Rf2 Qc3 35. Ke6 Qxh3+ 36. Kf7 Qg3 37. Rfd2 Qb3 0-1

[Event "MCR senioru 2019 nad 60 let"]
[Site "Pelclovo divadlo, Rychnov n. K"]
[Date "2019.08.16"]
[Round "7"]
[White "Novotny, Jaroslav"]
[Black "Lepik, Jaroslav"]
[Result "1/2-1/2"]
[WhiteElo "1965"]
[BlackElo "1794"]
[PlyCount "70"]
[EventDate "2019.08.10"]

1. e4 d6 2. d4 Nf6 3. Nc3 c6 4. f4 b5 5. a3 a5 6. Bd3 Bb7 7. Qe2 e6 8. Nf3 Be7
9. O-O b4 10. Nb1 O-O 11. c4 Qb6 12. Kh1 c5 13. d5 exd5 14. exd5 Re8 15. b3 Bf8
16. Qc2 h6 17. a4 Nbd7 18. Nbd2 Ng4 19. Ne4 Ndf6 20. Nxf6+ Nxf6 21. h3 Qd8 22.
Kh2 Bc8 23. Bd2 Ra7 24. Rae1 Rae7 25. Rxe7 Rxe7 26. Re1 Qe8 27. Rxe7 Qxe7 28.
Qb1 Bd7 29. Qe1 Qxe1 30. Nxe1 g6 31. g4 Ne8 32. Nf3 Bg7 33. Kg3 Kf8 34. Ng1 Ke7
35. Ne2 f5 1/2-1/2

[Event "MCR senioru 2019 nad 60 let"]
[Site "Pelclovo divadlo, Rychnov n. K"]
[Date "2019.08.16"]
[Round "7"]
[White "Sobotnik, Petr"]
[Black "Marinov, Peter"]
[Result "1-0"]
[WhiteElo "1888"]
[BlackElo "1815"]
[PlyCount "95"]
[EventDate "2019.08.10"]

1. e4 e6 2. d4 d6 3. Nf3 Nd7 4. Bc4 Be7 5. O-O h6 6. Nc3 c6 7. Bf4 Bg5 8. Qd2
Bxf4 9. Qxf4 Qe7 10. e5 d5 11. Bd3 Qf8 12. Rfe1 Ne7 13. a4 g5 14. Qd2 a5 15.
Ne2 Qg7 16. g3 Ng6 17. Bxg6 fxg6 18. Kg2 g4 19. Nfg1 g5 20. f3 gxf3+ 21. Nxf3
b6 22. b4 O-O 23. bxa5 Rxa5 24. Rf1 Ba6 25. Qe3 Bc4 26. Nd2 Rxf1 27. Kxf1 Qf7+
28. Ke1 Bxe2 29. Kxe2 Qh5+ 30. Nf3 Qg6 31. Qd3 Qxd3+ 32. Kxd3 b5 33. Kc3 Nb6
34. Kb4 Nc4 35. Nd2 bxa4 36. Nxc4 Rb5+ 37. Kc3 dxc4 38. Rxa4 Kf7 39. Ra6 c5 40.
Kxc4 Rb2 41. dxc5 Rxc2+ 42. Kb5 Re2 43. Ra7+ Kg6 44. c6 Rxe5+ 45. Kb6 Re2 46.
Ra5 Rb2+ 47. Rb5 Rc2 48. c7 1-0

[Event "MCR senioru 2019 nad 60 let"]
[Site "Pelclovo divadlo, Rychnov n. K"]
[Date "2019.08.16"]
[Round "7"]
[White "Banoci, Jaroslav"]
[Black "Juricek, Stanislav"]
[Result "0-1"]
[WhiteElo "1790"]
[BlackElo "2048"]
[PlyCount "56"]
[EventDate "2019.08.10"]

1. d4 Nf6 2. Nf3 g6 3. Bg5 Bg7 4. Nbd2 d6 5. e4 O-O 6. Bd3 c5 7. c3 Nfd7 8. Qe2
Nc6 9. Be3 cxd4 10. Nxd4 Nde5 11. Bc2 Ng4 12. f3 Nxe3 13. Qxe3 Nxd4 14. cxd4
Qb6 15. Nb3 a5 16. O-O-O a4 17. Na1 Be6 18. Kb1 Rfc8 19. Rhe1 Ra5 20. Rd2 Rc4
21. Red1 Rb4 22. b3 axb3 23. Nxb3 Rba4 24. Rd3 Rxa2 25. Kc1 Qb4 26. Rc3 Rb5 27.
f4 Qa3+ 28. Kd2 Rxb3 0-1

[Event "MCR senioru 2019 nad 60 let"]
[Site "Pelclovo divadlo, Rychnov n. K"]
[Date "2019.08.16"]
[Round "7"]
[White "Jindrasek, Mojmir"]
[Black "Novotny, Josef"]
[Result "1-0"]
[WhiteElo "1785"]
[BlackElo "1967"]
[PlyCount "105"]
[EventDate "2019.08.10"]

1. d4 e6 2. e4 d6 3. c4 g6 4. Nc3 Bg7 5. Nf3 Ne7 6. Be3 Na6 7. Be2 c6 8. Qb3
O-O 9. O-O f5 10. Bg5 h6 11. Bxe7 Qxe7 12. e5 g5 13. exd6 Qxd6 14. c5 Qe7 15.
Bxa6 bxa6 16. Qa4 Rf6 17. Rfe1 Bb7 18. Ne5 h5 19. f3 Kh8 20. Re2 Bh6 21. Rae1
Re8 22. g3 Qg7 23. Kg2 Qg8 24. Nd7 Rg6 25. Ne5 Rg7 26. h3 Ree7 27. Qb3 Rh7 28.
Rh1 Bf8 29. Ree1 Rh6 30. g4 Qh7 31. Ne2 Bg7 32. Nc4 Rd7 33. Nd6 Bf8 34. gxf5
Rxd6 35. cxd6 exf5 36. Nc3 Rxd6 37. Re8 Rf6 38. Rhe1 Rf7 39. Qe6 Qg7 40. Qe5
Rf6 41. Rb8 Rf7 42. Na4 Kh7 43. Nc5 Bxc5 44. dxc5 a5 45. Qxg7+ Kxg7 46. Re6 Rc7
47. Rd8 Bc8 48. Ree8 Ba6 49. Rg8+ Kf6 50. Rgf8+ Ke5 51. Rfe8+ Kf6 52. Rd6+ Kf7
53. Rh8 1-0

[Event "MCR senioru 2019 nad 60 let"]
[Site "Pelclovo divadlo, Rychnov n. K"]
[Date "2019.08.16"]
[Round "7"]
[White "Kylar, Miroslav"]
[Black "Becvar, Miroslav"]
[Result "1/2-1/2"]
[WhiteElo "1935"]
[BlackElo "1850"]
[PlyCount "125"]
[EventDate "2019.08.10"]

1. Nf3 Nf6 2. g3 d5 3. b3 g6 4. Bb2 Bg7 5. Bg2 Nbd7 6. O-O O-O 7. c4 e6 8. Nc3
c6 9. Rc1 Ne4 10. d3 Nxc3 11. Bxc3 Bxc3 12. Rxc3 Re8 13. d4 b6 14. Qd2 Bb7 15.
Qf4 Rc8 16. Rfc1 Qf6 17. Qd6 Qe7 18. Qf4 Qf6 19. Qxf6 Nxf6 20. Ne5 Ne4 21. R3c2
f6 22. Nd3 Kf8 23. cxd5 cxd5 24. Rc7 Rxc7 25. Rxc7 Re7 26. Rc2 Nd6 27. f4 Nb5
28. e3 Rc7 29. Rxc7 Nxc7 30. h4 Nb5 31. Bf1 Nc3 32. Nc1 Nd1 33. Bd3 Nxe3 34.
Kf2 Ng4+ 35. Kf3 Nh6 36. g4 Kg7 37. h5 Kf7 38. g5 Ng8 39. h6 Ne7 40. Ne2 Nf5
41. Bxf5 gxf5 42. Kg3 Kg6 43. Kh4 Ba6 44. Ng3 fxg5+ 45. fxg5 f4 46. Nh5 f3 47.
Nf4+ Kf5 48. Nh3 Bf1 49. Nf2 a5 50. a3 b5 51. Ng4 Bd3 52. g6 Kxg6 53. Ne5+ Kxh6
54. Nxd3 Kg6 55. Ne5+ Kf5 56. Kg3 Ke4 57. Nxf3 h5 58. Ng5+ Kxd4 59. Nxe6+ Kc3
60. Nc7 Kxb3 61. Nxb5 Ka4 62. Nc3+ Kxa3 63. Nxd5 1/2-1/2

[Event "MCR senioru 2019 nad 60 let"]
[Site "Pelclovo divadlo, Rychnov n. K"]
[Date "2019.08.16"]
[Round "7"]
[White "Pavlis, Jaromir"]
[Black "Brhlik, Antonin"]
[Result "1-0"]
[WhiteElo "1907"]
[BlackElo "1624"]
[PlyCount "75"]
[EventDate "2019.08.10"]

1. Nf3 Nf6 2. d4 c5 3. e3 g6 4. c3 cxd4 5. exd4 d5 6. Be2 Bg7 7. O-O O-O 8. Bf4
Nc6 9. Ne5 Qb6 10. Qb3 Qa5 11. Qb5 Qxb5 12. Bxb5 Nd8 13. h3 Ne6 14. Bh2 Ne4 15.
Bd3 Nd6 16. Nd2 f6 17. Ng4 Nf7 18. Rfe1 Re8 19. Re2 Bd7 20. Rae1 Nfd8 21. Ne3
Bc6 22. Nc2 Kf7 23. Nb4 a5 24. Nc2 Nf8 25. Na3 Nd7 26. Nb5 Bxb5 27. Bxb5 Nc6
28. a4 e5 29. dxe5 fxe5 30. Nf3 e4 31. Ng5+ Kg8 32. Rd1 h6 33. Nxe4 dxe4 34.
Rxd7 Rad8 35. Red2 Rxd7 36. Rxd7 Ne5 37. Rxg7+ Kxg7 38. Bxe8 1-0

[Event "MCR senioru 2019 nad 70 a 80 let"]
[Site "Pelclovo divadlo, Rychnov n. K"]
[Date "2019.08.16"]
[Round "7"]
[White "Vlacil, Vladimir"]
[Black "Jacek, Miloslav"]
[Result "1/2-1/2"]
[WhiteElo "1930"]
[BlackElo "1941"]
[PlyCount "112"]
[EventDate "2019.08.10"]

1. c4 Nf6 2. Nc3 c5 3. Nf3 Nc6 4. g3 g6 5. Bg2 Bg7 6. O-O O-O 7. Rb1 d5 8. cxd5
Nxd5 9. Nxd5 Qxd5 10. b3 Bf5 11. d3 Qd7 12. Re1 Rac8 13. a3 Rfd8 14. Bb2 e5 15.
Nd2 Nd4 16. Ne4 Be6 17. Ba1 h6 18. e3 Nf5 19. Bf1 Nd6 20. Qc2 Nxe4 21. dxe4 Qd2
22. Re2 Qa5 23. Bb2 Bg4 24. Ree1 Rd2 25. Qc3 Qd8 26. Bc4 Rd6 27. f3 Be6 28.
Bxe6 Rxe6 29. Rbd1 Rd6 30. Qc2 Rcc6 31. Kf2 Rxd1 32. Rxd1 Rd6 33. Rxd6 Qxd6 34.
Ke2 h5 35. h3 Kf8 36. Qd3 Qxd3+ 37. Kxd3 b5 38. a4 a6 39. axb5 axb5 40. Ba3 b4
41. Bb2 Ke7 42. Kc4 Kd6 43. f4 exf4 44. Bxg7 fxg3 45. Bh6 g2 46. Bf4+ Kc6 47.
Bh2 g5 48. e5 g4 49. hxg4 hxg4 50. e4 g3 51. Bg1 Kd7 52. Kd3 Ke6 53. Bxc5 Kxe5
54. Bb6 Kf4 55. Be3+ Kf3 56. Bg1 Kf4 1/2-1/2

[Event "MCR senioru 2019 nad 70 a 80 let"]
[Site "Pelclovo divadlo, Rychnov n. K"]
[Date "2019.08.16"]
[Round "7"]
[White "Slizek, Josef"]
[Black "Kotva, Milan"]
[Result "0-1"]
[WhiteElo "1935"]
[BlackElo "1862"]
[PlyCount "96"]
[EventDate "2019.08.10"]

1. e4 e5 2. Nf3 Nc6 3. Bb5 a6 4. Bxc6 dxc6 5. O-O Bg4 6. h3 h5 7. d4 Bxf3 8.
Qxf3 exd4 9. Rd1 Qf6 10. Qxf6 Nxf6 11. e5 Nd7 12. Rxd4 O-O-O 13. Bf4 Bc5 14.
Re4 Nf8 15. Nd2 Ne6 16. Nb3 Be7 17. Be3 Rhe8 18. f4 g6 19. Kf2 h4 20. Rf1 Ng7
21. Rd4 Nf5 22. Rxd8+ Rxd8 23. Bc1 b5 24. c3 c5 25. Be3 Rd5 26. Re1 Kd7 27. Nd2
c4 28. Ne4 Kc6 29. Bd2 Ng3 30. Bc1 Nxe4+ 31. Rxe4 Rd1 32. Re1 Rxe1 33. Kxe1 Kd5
34. Ke2 Ke4 35. Be3 Bf8 36. Bf2 Bh6 37. Bxh4 Bxf4 38. e6 fxe6 39. Bf2 a5 40.
Be1 a4 41. Kd1 Kd3 42. g3 Be5 43. a3 c5 44. g4 b4 45. Bd2 bxc3 46. bxc3 Bg3 47.
Bg5 e5 48. h4 e4 0-1

[Event "MCR senioru 2019 nad 70 a 80 let"]
[Site "Pelclovo divadlo, Rychnov n. K"]
[Date "2019.08.16"]
[Round "7"]
[White "Trojan, Lubos"]
[Black "Just, Pavel"]
[Result "1/2-1/2"]
[WhiteElo "1955"]
[BlackElo "1981"]
[PlyCount "30"]
[EventDate "2019.08.10"]

1. e4 e5 2. Nf3 Nc6 3. Bb5 Nf6 4. O-O Nxe4 5. Re1 Nd6 6. Bxc6 dxc6 7. d4 Be7 8.
dxe5 Nf5 9. Qxd8+ Bxd8 10. c3 c5 11. Bg5 Be6 12. Na3 a6 13. Rad1 h6 14. Bxd8
Rxd8 15. b3 Ke7 1/2-1/2

[Event "MCR senioru 2019 nad 70 a 80 let"]
[Site "Pelclovo divadlo, Rychnov n. K"]
[Date "2019.08.16"]
[Round "7"]
[White "Pavlicek, Petr"]
[Black "Pilar, Miloslav"]
[Result "1/2-1/2"]
[WhiteElo "1829"]
[BlackElo "2078"]
[PlyCount "28"]
[EventDate "2019.08.10"]

1. Nf3 Nf6 2. d4 g6 3. g3 Bg7 4. Bg2 O-O 5. c4 d6 6. Nc3 Nbd7 7. O-O e5 8. e4
exd4 9. Nxd4 a6 10. h3 Re8 11. Be3 Rb8 12. Qc2 Nc5 13. Rad1 Qe7 14. Rfe1 Bd7
1/2-1/2

[Event "MCR senioru 2019 nad 70 a 80 let"]
[Site "Pelclovo divadlo, Rychnov n. K"]
[Date "2019.08.16"]
[Round "7"]
[White "Dolezal, Radoslav"]
[Black "Glembek, Bohumir"]
[Result "1-0"]
[WhiteElo "1954"]
[BlackElo "1765"]
[PlyCount "87"]
[EventDate "2019.08.10"]

1. e4 Nf6 2. e5 Nd5 3. d4 d6 4. exd6 exd6 5. c4 Nb6 6. Nc3 Be7 7. Bd3 Nc6 8.
Nge2 Bf6 9. Be3 O-O 10. O-O Re8 11. Qd2 Nb4 12. d5 Nxd3 13. Qxd3 Qe7 14. Nd4 g6
15. Rfe1 Bxd4 16. Qxd4 Qe5 17. Qxe5 dxe5 18. Nb5 Re7 19. Bg5 Rd7 20. Rxe5 f5
21. b3 c6 22. dxc6 bxc6 23. Nc3 Ba6 24. Rae1 Rf8 25. f3 Bb7 26. Re7 Rf7 27. Kf2
Rfxe7 28. Rxe7 Rxe7 29. Bxe7 Kf7 30. Bc5 Nc8 31. Ke3 g5 32. g3 Ke6 33. Ne2 Nb6
34. f4 g4 35. Kd4 Nc8 36. Nc1 Nb6 37. Nd3 Nc8 38. a4 Nb6 39. a5 Nc8 40. Ba3 Nd6
41. Nc5+ Kf6 42. Nxb7 Nxb7 43. a6 Na5 44. Kc3 1-0

[Event "MCR senioru 2019 nad 70 a 80 let"]
[Site "Pelclovo divadlo, Rychnov n. K"]
[Date "2019.08.16"]
[Round "7"]
[White "Fiser, Jiri"]
[Black "Slovak, Martin"]
[Result "1-0"]
[WhiteElo "1918"]
[BlackElo "1700"]
[PlyCount "77"]
[EventDate "2019.08.10"]

1. e4 d6 2. d4 e5 3. Nf3 Bg4 4. dxe5 Bxf3 5. gxf3 dxe5 6. Qxd8+ Kxd8 7. Bc4 f6
8. Nc3 c6 9. Be3 Kc7 10. O-O-O Bd6 11. Ne2 Ne7 12. h4 Nd7 13. Rd2 Nb6 14. Be6
Rad8 15. Rg1 g6 16. c3 Nec8 17. b4 Be7 18. Rxd8 Rxd8 19. Kc2 Nd6 20. Kb3 Nd7
21. c4 Nf8 22. Bh3 b6 23. Nc3 Nb7 24. f4 Bd6 25. f5 a5 26. a3 Be7 27. fxg6 Nxg6
28. h5 Nf4 29. Bxf4 exf4 30. Rg7 Kd6 31. Rxh7 axb4 32. axb4 c5 33. Nd5 Re8 34.
b5 Na5+ 35. Kc3 Bf8 36. Nxf6 Re7 37. Rxe7 Bxe7 38. Nd5 Bd8 39. h6 1-0

[Event "MCR senioru 2019 nad 70 a 80 let"]
[Site "Pelclovo divadlo, Rychnov n. K"]
[Date "2019.08.16"]
[Round "7"]
[White "Jablecnik, Gustav"]
[Black "Krystian, Josef"]
[Result "1-0"]
[WhiteElo "2006"]
[BlackElo "1763"]
[PlyCount "81"]
[EventDate "2019.08.10"]

1. e4 c5 2. Bc4 d6 3. d3 Nf6 4. c3 e6 5. Qe2 a6 6. f4 Nc6 7. Bb3 Qc7 8. Nf3 b5
9. Bc2 Bb7 10. Be3 Be7 11. Nbd2 e5 12. f5 d5 13. Bg5 dxe4 14. dxe4 c4 15. Bxf6
Bxf6 16. O-O Be7 17. Kh1 O-O 18. Rfd1 Rfd8 19. Nf1 Bc5 20. b4 Bb6 21. a4 Rxd1
22. Rxd1 Rd8 23. a5 Ba7 24. Ne3 Bxe3 25. Qxe3 Rxd1+ 26. Bxd1 Qd8 27. Be2 f6 28.
h4 Ne7 29. Kh2 Nc8 30. g4 Nd6 31. Nd2 Kf7 32. Bf3 h6 33. Nf1 Ne8 34. Kg2 Qd3
35. Qxd3 cxd3 36. Kf2 Nd6 37. Ke3 g6 38. fxg6+ Kxg6 39. Kxd3 f5 40. exf5+ Nxf5
41. gxf5+ 1-0

[Event "MCR senioru 2019 nad 70 a 80 let"]
[Site "Pelclovo divadlo, Rychnov n. K"]
[Date "2019.08.16"]
[Round "7"]
[White "Volf, Jaroslav"]
[Black "Lexa, Vaclav"]
[Result "1-0"]
[WhiteElo "1977"]
[BlackElo "1773"]
[PlyCount "39"]
[EventDate "2019.08.10"]

1. e4 c5 2. c3 Nf6 3. e5 Nd5 4. d4 cxd4 5. cxd4 e6 6. Nc3 Nxc3 7. bxc3 d6 8. f4
Bd7 9. Nf3 Bc6 10. Bd3 Nd7 11. O-O Be7 12. Qe2 Rc8 13. Bd2 Nb6 14. f5 Bd7 15.
exd6 Bxd6 16. fxe6 Bxe6 17. Ng5 Qe7 18. Rae1 Nc4 19. Nxe6 Nxd2 20. Bb5+ 1-0

[Event "MCR senioru 2019 nad 70 a 80 let"]
[Site "Pelclovo divadlo, Rychnov n. K"]
[Date "2019.08.16"]
[Round "7"]
[White "Truksa, Vaclav"]
[Black "Rucka, Alois"]
[Result "0-1"]
[WhiteElo "1774"]
[BlackElo "1941"]
[PlyCount "100"]
[EventDate "2019.08.10"]

1. Nf3 Nf6 2. c4 b6 3. d4 e6 4. Nc3 Bb7 5. e3 Be7 6. Bd3 d5 7. cxd5 exd5 8. O-O
O-O 9. b3 Nbd7 10. Bb2 Ne4 11. Nd2 Nxc3 12. Bxc3 Nf6 13. Bb2 Re8 14. Rc1 Bd6
15. Nf3 Qe7 16. Bb1 g6 17. Bd3 Rac8 18. Rc2 Ne4 19. Ne5 c5 20. Bxe4 dxe4 21. g3
cxd4 22. Rxc8 Rxc8 23. Nc4 d3 24. Nxd6 Qxd6 25. Qa1 f5 26. Rd1 Rc2 27. Qb1 Qc7
28. Rc1 Ba6 29. b4 Bb5 30. a4 Be8 31. Qa1 Bf7 32. Rxc2 dxc2 33. Qc1 Qc4 34. Qd2
Qd3 35. Qxd3 exd3 36. Bc1 Bc4 37. f3 Kf7 38. Kf2 Bd5 39. f4 Ke6 40. a5 b5 41.
Ke1 a6 42. Kd2 Bc4 43. Ke1 Kd5 44. Bd2 Ke4 45. Kf2 Bd5 46. Bc1 Bc6 47. Bd2 Kd5
48. Ke1 Kc4 49. Bc1 Kxb4 50. Kd2 Be4 0-1

[Event "MCR senioru 2019 nad 70 a 80 let"]
[Site "Pelclovo divadlo, Rychnov n. K"]
[Date "2019.08.16"]
[Round "7"]
[White "Haderka, Karel"]
[Black "Holecek, Vladimir"]
[Result "0-1"]
[WhiteElo "1817"]
[BlackElo "1898"]
[PlyCount "48"]
[EventDate "2019.08.10"]

1. c4 e5 2. Nc3 Nf6 3. g3 g6 4. Bg2 Bg7 5. e3 O-O 6. Nge2 Nc6 7. d4 exd4 8.
exd4 d6 9. O-O Bf5 10. Bf4 Re8 11. Qd2 Ne4 12. Nxe4 Bxe4 13. f3 Bf5 14. g4 Bd7
15. Rad1 f5 16. h3 Qe7 17. Rfe1 Qf7 18. d5 Ne5 19. Bxe5 Rxe5 20. f4 Re7 21. g5
Rae8 22. Nc3 Bd4+ 23. Kh1 Be3 24. Qc2 Bxf4 0-1

[Event "MCR senioru 2019 nad 50 let"]
[Site "Pelclovo divadlo, Rychnov n. K."]
[Date "2019.08.17"]
[Round "8"]
[White "Pelikan, Jaromir"]
[Black "Langr, Petr"]
[Result "1-0"]
[WhiteElo "1760"]
[BlackElo "1533"]
[EventDate "2019.08.10"]
[PlyCount "87"]

1. Nf3 d5 2. d4 c6 3. g3 Bf5 4. Bg2 e6 5. O-O Nf6 6. c4 Be7 7. Nc3 Nbd7 8. b3
Ne4 9. Bb2 Nxc3 10. Bxc3 Be4 11. Nd2 Bxg2 12. Kxg2 Bf6 13. Nf3 O-O 14. e3 Re8
15. cxd5 cxd5 16. Qe2 Rc8 17. Rac1 Qb6 18. Rc2 Rc6 19. Rfc1 Rec8 20. Qd2 Bd8
21. Ne5 Nxe5 22. dxe5 a6 23. Bd4 Qc7 24. Rxc6 bxc6 25. f4 Qb7 26. Qe2 h6 27. h3
Bb6 28. Bc5 Qa7 29. Qc2 Qb7 30. Kf3 Qa7 31. Ke2 Bxc5 32. Qxc5 Qxc5 33. Rxc5 Kf8
34. Kd3 Ke7 35. Kd4 Kd7 36. Ra5 Ra8 37. Kc5 Kc7 38. Ra4 g6 39. Rb4 h5 40. Rb6
Ra7 41. Rxc6+ Kd7 42. Kb6 Ra8 43. Rc7+ Ke8 44. Kb7 1-0

[Event "MCR senioru 2019 nad 50 let"]
[Site "Pelclovo divadlo, Rychnov n. K."]
[Date "2019.08.17"]
[Round "8"]
[White "Gabriel, Jan"]
[Black "Kalousek, Vladimir"]
[Result "1/2-1/2"]
[WhiteElo "1910"]
[BlackElo "1979"]
[EventDate "2019.08.10"]
[PlyCount "66"]

1. e4 c5 2. Nf3 d6 3. Bb5+ Bd7 4. Bxd7+ Nxd7 5. O-O Ngf6 6. d3 g6 7. b3 Bg7 8.
Bb2 O-O 9. Nbd2 Qc7 10. a4 Ne8 11. Qc1 Bxb2 12. Qxb2 Ng7 13. Nc4 e5 14. Ne3 Qd8
15. Nd5 Nf6 16. Ne3 Nd7 17. Qc1 f5 18. exf5 gxf5 19. Nc4 Qe7 20. Qg5 Qxg5 21.
Nxg5 Rf6 22. Rae1 h6 23. Nh3 Re8 24. f4 e4 25. dxe4 fxe4 26. Ne3 Nf5 27. c4 Nd4
28. Nd5 Rf7 29. g4 Nf6 30. g5 hxg5 31. Nxg5 Rff8 32. Nxf6+ Rxf6 33. Nxe4 Rg6+
1/2-1/2

[Event "MCR senioru 2019 nad 50 let"]
[Site "Pelclovo divadlo, Rychnov n. K."]
[Date "2019.08.17"]
[Round "8"]
[White "Pribyl, Rene"]
[Black "Kolibik, Jan"]
[Result "1-0"]
[WhiteElo "1991"]
[BlackElo "1565"]
[EventDate "2019.08.10"]
[PlyCount "59"]

1. d4 d5 2. c4 e6 3. Nc3 Nf6 4. Nf3 a6 5. cxd5 exd5 6. Qc2 c6 7. Bg5 Be7 8. e3
Bg4 9. Bd3 Nbd7 10. a3 Bh5 11. Qb3 Qb6 12. Qxb6 Nxb6 13. Ne5 Nbd7 14. Nxd7 Nxd7
15. Bf4 Bg4 16. Na4 O-O 17. b4 b5 18. Nc5 Nxc5 19. bxc5 Bc8 20. Kd2 Re8 21. f3
g6 22. Rab1 f5 23. h3 Kg7 24. g4 g5 25. Bg3 Kg6 26. h4 gxh4 27. Bxh4 Kg7 28.
gxf5 Bxh4 29. Rxh4 Ra7 30. Rbh1 1-0

[Event "MCR senioru 2019 nad 50 let"]
[Site "Pelclovo divadlo, Rychnov n. K"]
[Date "2019.08.17"]
[Round "8"]
[White "Vorel, Bohuslav"]
[Black "Vorackova, Jarmila"]
[Result "1-0"]
[WhiteElo "1491"]
[BlackElo "1832"]
[PlyCount "119"]
[EventDate "2019.08.10"]

1. e4 c6 2. d4 d5 3. exd5 cxd5 4. Nf3 Nc6 5. c3 Bf5 6. Bd3 Bxd3 7. Qxd3 Qc7 8.
O-O e6 9. Be3 Nf6 10. Nbd2 Bd6 11. h3 O-O 12. Rfe1 Rab8 13. a3 b5 14. b4 Ne7
15. Bg5 Ng6 16. Bxf6 gxf6 17. Nb3 Kh8 18. Nc5 Bxc5 19. dxc5 Rg8 20. Qd4 Qf4 21.
Kh1 Qf5 22. Ra2 Nf4 23. Nh4 Qg5 24. g3 e5 25. Qd2 Nxh3 26. Qxg5 Nxg5 27. Kg2
Ne6 28. Nf5 Rg5 29. Ne7 Rd8 30. Rd1 Kg7 31. Kf1 Rd7 32. Nxd5 f5 33. Rad2 f4 34.
Nxf4 exf4 35. Rxd7 fxg3 36. R1d3 g2+ 37. Kg1 Nf4 38. Rg3 Ne2+ 39. Kxg2 Nxg3 40.
fxg3 Kf6 41. Rxa7 Ke6 42. Rb7 Rg4 43. Rxb5 Rc4 44. Rb6+ Kd7 45. Rb7+ Kc6 46.
Rxf7 Rxc3 47. Rxh7 Rxa3 48. Rh4 Rc3 49. Rf4 Kb5 50. Kh3 Rc1 51. Kh4 Rh1+ 52.
Kg5 Rh8 53. g4 Rg8+ 54. Kh6 Kc6 55. g5 Rh8+ 56. Kg7 Rb8 57. Rf6+ Kd5 58. Rb6
Rc8 59. g6 Ke5 60. Kh7 1-0

[Event "MCR senioru 2019 nad 50 let"]
[Site "Pelclovo divadlo, Rychnov n. K."]
[Date "2019.08.17"]
[Round "8"]
[White "Lorencova, Jitka"]
[Black "Blazek, Tomas"]
[Result "0-1"]
[WhiteElo "1368"]
[BlackElo "1910"]
[EventDate "2019.08.10"]
[PlyCount "66"]

1. e4 e6 2. d4 d5 3. exd5 exd5 4. Bf4 Be6 5. Be2 Nf6 6. Nc3 Bb4 7. Bd2 c6 8.
Nf3 Nbd7 9. a3 Bd6 10. Qc1 Qc7 11. h3 a5 12. Bd3 O-O 13. O-O b5 14. Ne2 Ne4 15.
Bf4 Ndf6 16. Bxd6 Qxd6 17. Ne5 Nd7 18. f4 f5 19. c3 Rfb8 20. Kh2 Qc7 21. Qe1 b4
22. c4 Nxe5 23. dxe5 dxc4 24. Bxe4 fxe4 25. Nd4 Bd5 26. Qg3 Qf7 27. Nf5 Qxf5
28. Qe3 h5 29. Rg1 bxa3 30. Rxa3 Rxb2 31. Qg3 Rf8 32. Rf1 e3 33. Rxe3 Rxg2+ 0-1

[Event "MCR senioru 2019 nad 50 let"]
[Site "Pelclovo divadlo, Rychnov n. K."]
[Date "2019.08.17"]
[Round "8"]
[White "Spinler, Bronislav"]
[Black "Portes, Pavel"]
[Result "1/2-1/2"]
[WhiteElo "1451"]
[BlackElo "1612"]
[EventDate "2019.08.10"]
[PlyCount "55"]

1. d4 Nf6 2. e3 d5 3. Nf3 e6 4. Nbd2 c5 5. dxc5 Bxc5 6. Bd3 Nbd7 7. e4 dxe4 8.
Nxe4 Qc7 9. O-O b6 10. Re1 Bb7 11. Nxc5 Qxc5 12. Be3 Qc6 13. Bf1 O-O 14. Qe2
Rac8 15. Rac1 Nd5 16. Bg5 f6 17. Bh4 e5 18. Qb5 Nc5 19. Qxc6 Bxc6 20. c4 Nf4
21. Re3 Rc7 22. Rd1 Rd7 23. Rxd7 Bxd7 24. h3 Bc6 25. Bg3 Nce6 26. Ne1 Rd8 27.
Nd3 Rd4 28. Nb4 1/2-1/2

[Event "MCR senioru 2019 nad 60 let"]
[Site "Pelclovo divadlo, Rychnov n. K"]
[Date "2019.08.17"]
[Round "8"]
[White "Pospisil, Evzen"]
[Black "Urban, Zdenek"]
[Result "1/2-1/2"]
[WhiteElo "2040"]
[BlackElo "2115"]
[PlyCount "40"]
[EventDate "2019.08.10"]

1. d4 Nf6 2. Nf3 e6 3. c4 d5 4. g3 c6 5. Bg2 Bd6 6. Nbd2 Nbd7 7. O-O O-O 8. Qc2
h6 9. b3 e5 10. cxd5 cxd5 11. dxe5 Nxe5 12. Bb2 Re8 13. Nxe5 Bxe5 14. Bxe5 Rxe5
15. Nf3 Bf5 16. Qb2 Re7 17. Nd4 Be4 18. Rac1 Rc8 19. Rxc8 Qxc8 20. Rc1 Rc7
1/2-1/2

[Event "MCR senioru 2019 nad 60 let"]
[Site "Pelclovo divadlo, Rychnov n. K"]
[Date "2019.08.17"]
[Round "8"]
[White "Marek, Jiri"]
[Black "Mlynek, Petr"]
[Result "0-1"]
[WhiteElo "1920"]
[BlackElo "2094"]
[PlyCount "64"]
[EventDate "2019.08.10"]

1. e4 c6 2. d4 d5 3. e5 Bf5 4. Ne2 e6 5. Ng3 Bg6 6. h4 h5 7. Nd2 c5 8. Nf3 cxd4
9. Bb5+ Nc6 10. O-O Bc5 11. Ne2 Nge7 12. Nexd4 O-O 13. c3 Qb6 14. Be2 Be4 15.
Nb3 Bxf3 16. Bxf3 Nxe5 17. Nxc5 Qxc5 18. Be3 Qc4 19. Bd4 Nxf3+ 20. Qxf3 Nf5 21.
Rad1 Qxa2 22. Qxh5 Nxd4 23. Rxd4 Qxb2 24. Qe5 Qxc3 25. h5 Kh7 26. Rfd1 Rac8 27.
h6 gxh6 28. Kh2 Rc4 29. R1d3 Qc1 30. Rg3 Rg8 31. Rf3 Rg7 32. Rxd5 Rh4+ 0-1

[Event "MCR senioru 2019 nad 60 let"]
[Site "Pelclovo divadlo, Rychnov n. K."]
[Date "2019.08.17"]
[Round "8"]
[White "Horak, Vladimir"]
[Black "Humlicek, Vojtech"]
[Result "1-0"]
[WhiteElo "1954"]
[BlackElo "1890"]
[EventDate "2019.08.10"]
[PlyCount "165"]

1. d4 Nf6 2. Nf3 e6 3. e3 c5 4. c3 b6 5. Bd3 Bb7 6. Nbd2 Be7 7. O-O O-O 8. e4
cxd4 9. cxd4 Ba6 10. Bxa6 Nxa6 11. Qe2 Nc7 12. Nb3 d6 13. Bg5 Qd7 14. Rac1 Rfc8
15. Rc2 Nce8 16. Rfc1 h6 17. Bh4 Kh8 18. h3 Ng8 19. Bg3 Bd8 20. Qa6 Ne7 21. Bh4
Rxc2 22. Rxc2 Rc8 23. Rxc8 Nxc8 24. Bxd8 Qxd8 25. Qb7 Qc7 26. Qxc7 Nxc7 27. Kf1
Kg8 28. Ke2 Kf8 29. Kd3 Ke7 30. Nfd2 f5 31. f3 f4 32. Nc1 d5 33. Ne2 g5 34. h4
Nd6 35. hxg5 hxg5 36. g3 fxg3 37. Nxg3 Nde8 38. Ndf1 Ng7 39. Ne3 Kd6 40. Ng4
Na6 41. a3 Nb8 42. Nf6 Nc6 43. e5+ Ke7 44. Nh7 Na5 45. Nxg5 Nc4 46. Kc3 Ne3 47.
Nh3 Ngf5 48. Nxf5+ Nxf5 49. Kd3 Nh4 50. f4 Nf5 51. Kc3 Kd7 52. Ng1 Kc6 53. a4
a6 54. Nf3 Kd7 55. Kb4 Ne7 56. Nh4 Nc6+ 57. Kc3 Ne7 58. Kd3 Kc6 59. Ke3 Kd7 60.
f5 exf5 61. Kf4 Ke6 62. Kg5 b5 63. axb5 axb5 64. Kf4 b4 65. Ng2 Kd7 66. Ne3 Ke6
67. Ng2 Kd7 68. Ke3 Kc6 69. Nf4 Kb5 70. b3 Kc6 71. Nd3 Kb5 72. Ne1 Nc6 73. Nc2
Na5 74. Na1 Nc6 75. e6 Ne7 76. Kf4 Kc6 77. Ke5 Kb6 78. Nc2 Nc6+ 79. Kxf5 Kc7
80. Ne3 Nxd4+ 81. Ke5 Nxb3 82. Nxd5+ Kd8 83. Kf6 1-0